LEADER 01758nam 2200409 a 450 001 9910693060903321 005 20040927135428.0 035 $a(CKB)5470000002358895 035 $a(OCoLC)56578892 035 9 $aocm56578892 035 $a(OCoLC)995470000002358895 035 $a(EXLCZ)995470000002358895 100 $a20040927d2004 ua 0 101 0 $aeng 135 $aurmn|||||| 181 $ctxt$2rdacontent 182 $cc$2rdamedia 183 $acr$2rdacarrier 200 10$aElectronic government$b[electronic resource] $efederal agencies continue to invest in smart card technology : report to the Subcommittee on Technology, Information Policy, Intergovernmental Relations, and the Census, Committee on Government Reform, House of Representatives 210 1$a[Washington, D.C.] :$cU.S. Government Accountability Office,$d[2004] 300 $aTitle from title screen (viewed on Sept. 14, 2004). 300 $a"September 2004." 300 $aPaper version available from: U.S. Government Accountability Office, 441 G St., NW, Rm. LM, Washington, D.C. 20548. 300 $a"GAO-04-948." 320 $aIncludes bibliographical references. 517 $aElectronic government 606 $aSmart cards$xGovernment policy$zUnited States 606 $aStored-value cards$xGovernment policy$zUnited States 615 0$aSmart cards$xGovernment policy 615 0$aStored-value cards$xGovernment policy 712 02$aUnited States.$bCongress.$bHouse.$bCommittee on Government Reform.$bSubcommittee on Technology, Information Policy, Intergovernmental Relations, and the Census. 801 0$bGPO 801 1$bGPO 906 $aBOOK 912 $a9910693060903321 996 $aElectronic Government$9772425 997 $aUNINA LEADER 01179nam0 22002893i 450 001 SBL0561895 005 20231121125827.0 020 $aIT$b752321 100 $a20071219f1974 ||||0itac50 ba 101 | $aita 102 $ait 181 1$6z01$ai $bxxxe 182 1$6z01$an 200 1 $aElementi di cartografia$eguida per la costruzione e la lettura delle carte geografiche con particolare riguardo alla carta topografica d'Italia$fCecilia Lezzi Santoro 210 $aBari$cAdriatica$d[1974?] 215 $a168 p.$cill.$d24 cm. 700 1$aSantoro Lezzi$b, Cecilia$3MILV006220$4070$0129606 790 1$aSantoro$b, Cecilia$3CFIV232076$zSantoro Lezzi, Cecilia 801 3$aIT$bIT-01$c20071219 850 $aIT-RM0460 $aIT-FR0017 899 $aBiblioteca Dell' Archivio Centrale Dello Stato$bRM0460 899 $aBiblioteca umanistica Giorgio Aprea$bFR0017 $eN 912 $aSBL0561895 950 0$aBiblioteca umanistica Giorgio Aprea$d 52DOB 419$e 52FLS0000365555 VMB RS $fA $h20181109$i20181109 977 $a 27$a 52 996 $aElementi di cartografia$9193408 997 $aUNICAS